[Event "32nd Pula Open 2018"]
[Site "Pula"]
[Date "2018.06.23"]
[Round "1"]
[White "Malano, Francesco"]
[Black "Horton, Andrew P"]
[Result "0-1"]
[WhiteElo "1875"]
[BlackElo "2407"]
[Annotator "TA"]
[PlyCount "45"]
[EventDate "2018.??.??"]
[EventCountry "CRO"]
[SourceTitle "playchess.com"]
[Source "ChessBase"]
[SourceQuality "1"]

{[%evp 10,45,6,-12,0,0,0,-7,-8,-15,-7,-13,-12,-18,-6,-16,-1,-12,0,-12,-4,-5,-14,-8,-7,-2,0,0,0,0,0,0,0,0,0,0,0,0]} 1. d4 Nf6 2. Nf3 e6 3. e3 b6 4. Bd3 Bb7 5. Nbd2 d5 6. c3 {LiveBook: 6 Games. The position is equal. D05: Colle System with ...e6} (6. O-O Bd6 7. b3 O-O 8. Bb2 c5 9. dxc5 Bxc5 10. Qe2 Nbd7 11. c4 Qe7 12. a3 e5 13. Bf5 e4 14. Nd4 Ne5 15. Bh3 g6 16. b4 Bd6 17. Nb5 Bb8 18. cxd5 Bxd5 19. Bd4 {0-1 (46) Dominguez Perez,L (2739)-So,W (2788) Saint Louis 2017}) 6... Be7 7. O-O Nbd7 8. Qc2 O-O 9. Re1 c5 10. b3 Rc8 11. Bb2 h6 12. Rac1 Bd6 $146 ({Predecessor:} 12... Qc7 13. h3 Ne8 14. e4 dxe4 15. Nxe4 {0-1 (53) Nicolae,D (1206)-Busuioc,S (1365) Calimanesti Caciulata 2016}) 13. Qb1 e5 14. dxe5 Nxe5 15. Nxe5 Bxe5 16. Rcd1 Re8 17. Nf3 Bb8 18. Bf5 Rc7 19. c4 {[#] Black must now prevent cxd5.} d4 $1 20. exd4 Bxf3 $1 21. Rxe8+ Nxe8 22. gxf3 Qg5+ 23. Bg4 {[%mdl 32768] Precision: White = 55%, Black = 60%. . Loss on Time!?} 0-1

[Event "32nd Pula Open 2018"]
[Site "Pula"]
[Date "2018.06.23"]
[Round "1"]
[White "Barron, Luke J"]
[Black "Zufic, Miroslav"]
[Result "0-1"]
[WhiteElo "1865"]
[BlackElo "2384"]
[Annotator "TA"]
[PlyCount "48"]
[EventDate "2018.??.??"]
[EventCountry "CRO"]
[SourceTitle "playchess.com"]
[Source "ChessBase"]
[SourceQuality "1"]

{[%evp 26,48,0,-3,0,-6,8,0,19,0,20,18,20,-31,-31,-30,-12,-59,-54,-52,-43,-105,-95,-104,-96]} 1. e4 c5 2. c4 Nc6 3. Nc3 d6 4. d3 g6 5. g3 Bg7 6. Bg2 e6 7. Nge2 Nge7 8. O-O O-O 9. Be3 Nd4 10. Qd2 Nec6 11. Bh6 Rb8 12. Bxg7 Kxg7 13. Nxd4 Nxd4 14. Ne2 {LiveBook: 4 Games. A36: Symmetrical English vs ...g6: 4 Bg2 Bg7} (14. Rab1 a6 15. Ne2 Nxe2+ 16. Qxe2 b5 17. e5 Bb7 18. b3 Bxg2 19. Kxg2 Qc7 20. Rbe1 Rfd8 21. f4 d5 22. cxb5 axb5 {0-1 (47) Axelrod,A (2328)-Popilski,G (2523) Acre 2013}) 14... Nxe2+ 15. Qxe2 e5 16. f4 {The position is equal.} f6 17. Rab1 $146 ({Predecessor:} 17. Qe3 b5 18. b3 Qe7 19. Rf2 Bd7 20. Raf1 a5 21. h3 a4 {0-1 (68) Burgos Figueroa,C (2285)-Cruz,J (2292) Mollet del Valles 2009}) 17... Qa5 18. a3 Be6 19. Qe1 ({White should play} 19. f5 $11 Bd7 20. Bh3) 19... Qxe1 $15 20. Rfxe1 b5 21. Bf1 bxc4 22. dxc4 a5 23. Red1 (23. b3 $15) 23... Rb6 $17 24. Rd2 Kf7 {Precision: White = 19%, Black = 58%.} 0-1

[Event "32nd Pula Open 2018"]
[Site "Pula"]
[Date "2018.06.23"]
[Round "1"]
[White "Peric, Davor"]
[Black "Filipovic, Branko"]
[Result "0-1"]
[WhiteElo "1854"]
[BlackElo "2378"]
[Annotator "TA"]
[PlyCount "33"]
[EventDate "2018.??.??"]
[EventCountry "CRO"]
[SourceTitle "playchess.com"]
[Source "ChessBase"]
[SourceQuality "1"]

{[%evp 9,33,31,51,12,105,108,139,53,42,38,38,2,87,-29,-13,-5,45,36,34,35,31,26,15,1,22,24]} 1. d4 e6 2. c4 a6 (2... b6 3. Nf3 Bb7 4. g3 Bb4+ 5. Bd2 Bxf3 6. exf3 Bxd2+ 7. Qxd2 Nc6 8. f4 Qf6 9. d5 Nd4 10. Bg2 Rd8 11. Nc3 c5 12. O-O-O Nh6 13. Ne4 Qe7 14. Rhe1 Nhf5 15. Qc3 {0-1 (62) Aronian,L (2805)-Rapport,R (2707) Riadh 2017}) 3. g3 d5 4. Nf3 dxc4 5. Bg2 Bb4+ {LiveBook: 3 Games} 6. Nc3 {A40: Unusual replies to 1 d4} c5 $146 (6... Nc6 $11) ({Predecessor:} 6... Nc6 7. O-O Nge7 8. e4 O-O 9. Be3 b5 10. a4 Rb8 11. Qe2 Bd7 {½-½ (23) Matuszewski,M (2375)-Mozharov,M (2518) Krakow 2013}) 7. O-O $16 Nf6 {[#]} 8. Qc2 (8. dxc5 $1 $16 {Black must now prevent Qxd8+.} O-O 9. Ne5) 8... Nc6 $14 9. dxc5 Bxc5 10. Rd1 Qe7 {[#]} (10... Qb6 $11 {remains equal.}) 11. Ne4 (11. Bg5 $1 $16) 11... Nxe4 $11 12. Qxe4 O-O 13. Ng5 {[%csl Gg5][%cal Re4h7]} f5 14. Qxc4 Ne5 15. Qb3 Ng4 16. Nh3 h6 17. e3 {[%mdl 32768] Precision: White = 14%, Black = 28%. . Loss on Time!?} 0-1

[Event "32nd Pula Open 2018"]
[Site "Pula"]
[Date "2018.06.23"]
[Round "1"]
[White "Kocevar, Tugomir"]
[Black "Jelen, Igor"]
[Result "0-1"]
[WhiteElo "1853"]
[BlackElo "2360"]
[Annotator "TA"]
[PlyCount "33"]
[EventDate "2018.??.??"]
[EventCountry "CRO"]
[SourceTitle "playchess.com"]
[Source "ChessBase"]
[SourceQuality "1"]

{[%evp 11,33,-10,0,-57,-57,-90,-93,-129,-82,-95,-102,-102,-95,-118,-79,-97,-95,-159,-153,-152,-162,-160,-125,-166]} 1. b4 e5 2. Bb2 Bxb4 3. Bxe5 Nf6 4. c4 O-O 5. Nf3 d5 6. e3 Nc6 {LiveBook: 13 Games. A00: Irregular Openings} (6... Re8 7. a3 Ba5 8. Bb2 c5 9. cxd5 Nxd5 10. Be2 Nc6 11. O-O Bf5 12. Qb3 Qb6 13. Bc4 Qxb3 14. Bxb3 {0-1 (42) Fernandez,D (2454)-Lenderman,A (2608) London 2014}) 7. Bc3 (7. Bb2 $1 $11) 7... Bxc3 $15 8. Nxc3 {[#]} d4 $1 {[%cal Rd4c3]} 9. exd4 {d5 would now be nice for White.} Nxd4 10. Nxd4 Qxd4 11. Be2 c6 $146 ({Predecessor:} 11... a6 12. O-O Rd8 13. Qb3 Be6 14. Rac1 {0-1 (42) Kramer-Smit,C Netherlands 1986}) 12. Rc1 Bg4 (12... Bf5 {feels hotter.} 13. O-O Nd7 14. Re1 Nc5 15. Bf1 Rad8) 13. O-O Rad8 14. Nb1 (14. Qb3 $142) 14... Rfe8 15. Bxg4 Nxg4 16. Qb3 Re7 17. Qc3 0-1

[Event "32nd Pula Open 2018"]
[Site "Pula"]
[Date "2018.06.23"]
[Round "1"]
[White "Schnepel, Thomas"]
[Black "Ostovic, Matija"]
[Result "0-1"]
[WhiteElo "1841"]
[BlackElo "2352"]
[Annotator "RC"]
[PlyCount "49"]
[EventDate "2018.??.??"]
[EventCountry "CRO"]
[SourceTitle "playchess.com"]
[Source "ChessBase"]
[SourceQuality "1"]
[TimeControl "5400+30"]

1. e4 d6 2. d4 Nf6 3. Nc3 Nbd7 4. f4 e5 5. dxe5 dxe5 6. f5 Bc5 7. Bg5 c6 8. Qf3 Qb6 9. Nge2 Qxb2 10. Rb1 Qxc2 11. Rc1 Qb2 12. Rb1 Qa3 13. Rb3 Qa5 14. Bd2 Qc7 15. g4 h6 16. h4 h5 17. g5 Ng4 18. Na4 Bf2+ 19. Kd1 b5 20. Nb2 Bb6 21. Nd3 c5 22. Rxb5 c4 23. Nb4 Nf2+ 24. Ke1 Nxh1 25. Qxh1 0-1

[Event "32nd Pula Open 2018"]
[Site "Pula"]
[Date "2018.06.25"]
[Round "3"]
[White "Zelcic, Robert"]
[Black "Maksimovic, Bojan"]
[Result "1-0"]
[WhiteElo "2499"]
[BlackElo "2250"]
[Annotator "TA"]
[PlyCount "117"]
[EventDate "2018.??.??"]
[EventCountry "CRO"]
[SourceTitle "playchess.com"]
[Source "ChessBase"]
[SourceQuality "1"]

{[%evp 23,117,18,17,6,48,54,90,90,96,87,93,85,86,79,77,81,93,95,89,100,100,96,87,86,91,79,89,77,82,78,78,78,79,70,86,86,86,86,106,43,64,55,48,41,86,41,82,84,105,43,32,20,48,45,88,77,75,72,82,63,80,82,83,8,111,0,0,0,0,0,6187,5227,29951,29950,12548,6091,29970,29969,29967,29965,29958,29966,29966,29965,29963,5173,6270,5896,29977,29979,29979,29980,29980,29974,29986,29987]} 1. e4 c5 2. Nf3 e6 3. Nc3 a6 4. d4 cxd4 5. Nxd4 Qc7 6. Bd3 Nc6 7. Be3 Nf6 8. O-O Be7 9. Kh1 O-O 10. f4 d6 11. Qf3 Bd7 12. Qg3 b5 {LiveBook: 4 Partien. B82: Sizilianisch (Scheveninger System)} 13. Rae1 Nxd4 14. Bxd4 b4 {Weiß steht etwas besser.} 15. e5 dxe5 $146 ({Vorgänger:} 15... Ne8 16. Qh3 h6 17. Ne4 Bb5 18. Nf6+ gxf6 19. Qxh6 Bxd3 20. Re3 Qxc2 21. Rh3 Bh7 22. f5 {1-0 (22) Armas,J (2415)-Tang,H Mexico City 1980}) 16. fxe5 Nh5 17. Qh3 bxc3 18. Qxh5 {[%csl Gd3][%cal Rh5h7] [#]} g6 19. Qh6 Qd8 20. Bxc3 Bg5 21. Qh3 Bb5 22. Rd1 Qc7 23. Qg3 Be7 24. Rf4 Rad8 25. h3 Rd5 26. a4 Bxd3 27. Rxd3 Rfd8 28. Rff3 Bf8 29. Rxd5 Rxd5 30. Rd3 Qc4 31. b3 (31. Rxd5 $16 exd5 32. e6) 31... Rxd3 $1 $14 32. Qxd3 (32. bxc4 $2 {verliert.} Rxg3 33. Bb2 Re3 $19) 32... Qf4 $1 33. Qd2 Qf1+ $1 34. Kh2 h5 35. Bd4 Ba3 36. Bf2 ({Besser ist} 36. b4 $16) 36... Bb2 37. Bg3 Qa1 38. Qe1 Qxe1 39. Bxe1 Bxe5+ {[%mdl 4096] Endspiel KL-KL} 40. Kg1 Kf8 41. b4 Ke7 42. c4 Bd4+ {[#]} 43. Kf1 (43. Bf2 $1 $16 {[%cal Rf2d4]} Bxf2+ 44. Kxf2) 43... Kd6 (43... g5 $1 $11 {hält das Gleichgewicht.}) 44. b5 ({Günstiger ist} 44. h4 $16) 44... axb5 $11 45. cxb5 Kc5 46. h4 f5 $2 {[%mdl 8192]} (46... Be5 $11) 47. Bf2 $18 Bxf2 48. Kxf2 {KB-KB} e5 49. Ke2 (49. Kf3 $142 Kb6 50. g3) 49... e4 50. Ke3 Kb6 51. Kd4 Ka5 52. g3 Kb6 53. Kc3 Kc5 54. Kd2 (54. Kc2 $142 Kb6 55. Kd2 Ka7 56. a5 Ka8 57. Ke3 Kb7 58. Kd4 Ka7 59. b6+ Kb7 60. Kc3) 54... Kb6 55. Kc2 Kc7 56. a5 {[%cal Ba4a5,Ba5a6][%mdl 32] Weiß setzt Matt.} Kb7 57. Kc3 Kc7 58. Kd4 Kd7 59. a6 {Precision: Weiß = 53%, Schwarz = 54%.} 1-0

[Event "32nd Pula Open 2018"]
[Site "Pula"]
[Date "2018.06.25"]
[Round "3"]
[White "Plenca, Jadranko"]
[Black "Krebs, Johann"]
[Result "1-0"]
[WhiteElo "2482"]
[BlackElo "2222"]
[Annotator "TA RC"]
[PlyCount "97"]
[EventDate "2018.??.??"]
[EventCountry "CRO"]
[SourceTitle "playchess.com"]
[Source "ChessBase"]
[SourceQuality "1"]

{[%evp 28,97,28,9,37,30,82,85,64,77,106,112,105,106,103,91,91,91,91,91,89,91,92,92,113,91,90,91,90,90,85,81,83,90,102,96,114,118,121,89,130,129,132,122,129,120,122,122,122,113,113,0,118,0,122,122,127,127,124,116,117,123,120,110,113,118,118,111,137,125,147,111]} 1. e4 c5 2. Nf3 Nc6 3. Bb5 g6 4. Bxc6 bxc6 5. O-O Bg7 6. Re1 Nf6 {[%cal Bg8f6,Bf6d5,Bd5c7,Bc7e6][%mdl 32]} 7. e5 Nd5 8. c4 Nc7 9. d4 cxd4 10. Qxd4 Ne6 11. Qh4 {B31: Sicilian: 2...Nc6 3 Bb5 g6} d6 12. exd6 Qxd6 13. Nc3 h5 14. Bd2 O-O 15. Ne4 {LiveBook: 8 Games} Qc7 16. Bc3 {[#]} Bxc3 $146 (16... f6 $11) ({Predecessor:} 16... f6 17. Qg3 Qxg3 18. hxg3 Rd8 {½-½ (56) Anand,V (2783)-Kasparov,G (2812) Saint Louis 2017}) 17. Nxc3 $16 Re8 18. Ne5 Rd8 19. Qe4 Rd4 20. Qf3 Rf4 21. Qxc6 Qxc6 22. Nxc6 {Black must now prevent b3.} Rxc4 23. Nxe7+ Kf8 24. Nxc8 Raxc8 25. Rad1 Nc5 26. Rd2 Na4 27. Nxa4 Rxa4 {[%mdl 4096] Endgame KRR-KRR} 28. b3 Rb4 29. Rd7 {Hoping for g3.} a5 30. g3 Rb5 31. Re2 Kg7 32. h4 Rc3 33. Rd4 Rf5 34. Red2 Rcc5 35. Kf1 Kf6 36. Ke2 Rfe5+ 37. Kd1 Rf5 38. Re2 Rc3 39. Red2 Rcc5 $1 40. Ke2 Rfe5+ 41. Kf3 Rc3+ 42. Kg2 Rcc5 43. Rf4+ Ke6 44. Rd8 Ke7 45. Ra8 {aiming for Ra7+.} Rc7 46. b4 axb4 47. Rxb4 Rf5 48. Rb2 Rc1 49. Ra3 {Precision: White = 65%, Black = 60%.} 1-0

[Event "32nd Pula Open 2018"]
[Site "Pula"]
[Date "2018.06.25"]
[Round "3"]
[White "Tratar, Marko"]
[Black "Mihalinec, Damir"]
[Result "1/2-1/2"]
[WhiteElo "2449"]
[BlackElo "2203"]
[Annotator "TA"]
[PlyCount "95"]
[EventDate "2018.??.??"]
[EventCountry "CRO"]
[SourceTitle "playchess.com"]
[Source "ChessBase"]
[SourceQuality "1"]

{[%evp 20,95,44,24,24,0,10,-72,0,-27,44,-37,43,-41,14,-17,-10,-10,-15,-10,-18,-17,-21,-30,0,-12,0,0,14,-19,-25,-39,37,33,96,0,54,62,47,35,97,51,100,102,92,31,204,193,192,188,174,7,38,0,0,0,0,0,0,0,-3,-16,0,0,0,0,0,0,0,0,0,0,0,0,0,0,0,0]} 1. Nf3 Nf6 2. c4 g6 3. Nc3 Bg7 4. e4 d6 5. d4 O-O 6. Be2 e5 7. O-O Nc6 8. d5 Ne7 9. Ne1 Nd7 10. f3 f5 11. g4 {LiveBook: 338 Games} a6 {E99: King's Indian: Classical Main Line: 9 Ne1 Nd7 10 f3 f5} (11... Nf6 12. Nd3 h6 13. Be3 fxg4 14. fxg4 g5 15. c5 Ng6 16. Nf2 Nf4 17. Bf3 Bd7 18. Rc1 a6 19. Ne2 Bb5 20. a4 Bd7 21. Ng3 Rf7 22. b4 Qe8 23. Ra1 {0-1 (50) Belov,V (2614)-Nguyen,N (2634) Berlin 2015}) 12. Ng2 Nf6 13. Be3 $146 (13. a4 $11) ({Predecessor:} 13. Bd2 Rb8 14. Be1 c5 15. Rb1 Bd7 16. b4 b6 17. Bf2 Qc8 18. bxc5 bxc5 19. g5 Nh5 20. Qc2 {½-½ (57) Grab,R (2060)-Wurzer,G (1830) Wattens 1996}) 13... Rf7 (13... f4 $17 14. Bf2 b6) 14. a4 Bf8 (14... f4 $11 15. Bf2 c5) 15. a5 ({Better is} 15. Bf2 $14) 15... Bd7 (15... f4 $15 16. Bf2 g5) 16. b4 (16. Bd2 $14) 16... Qc8 (16... f4 $15 17. Bf2 g5) 17. h3 f4 18. Bf2 g5 19. Ne1 h5 20. Kg2 Ng6 21. Rh1 Rg7 22. Nd3 Be7 23. c5 Nh4+ 24. Bxh4 gxh4 25. Rc1 Kf7 (25... Qf8 $15) 26. cxd6 $14 Bxd6 (26... cxd6 $14 27. Na4 Qd8) 27. Kf1 (27. Na4 $16) 27... Qf8 (27... Qh8 $11) 28. Na4 {[%cal Bc3a4,Ba4c5,Bc5e6][%mdl 32]} Qe7 29. Nac5 b6 (29... Bc8 $14) 30. Qe1 {Black must now prevent axb6.} Bb5 31. Ne6 Rg6 32. Qxh4 (32. Qc3 $16 Nd7 33. axb6 (33. gxh5 Rg3 $14) (33. Nxc7 Rc8 $14) 33... cxb6 34. Qa1 (34. gxh5 Rg3 $14)) 32... Rag8 $2 (32... c6 $1 $14) 33. g5 $18 Nh7 {[%cal Rh7g5]} 34. Qxh5 Nxg5 {[#]} 35. Rg1 $2 ({White should play} 35. axb6 $1 $18 cxb6 {[#]} 36. Nxe5+ $1 {[%mdl 512]} Bxe5 37. Bxb5) 35... Nxe6 $11 36. Qf5+ Qf6 {The position is equal.} 37. dxe6+ Ke7 38. Rxg6 Qxg6 39. Qxg6 Rxg6 40. Nf2 Bxe2+ 41. Kxe2 bxa5 42. bxa5 {[%mdl 4096] Endgame KRB-KRN} Rg2 43. Rc6 Kxe6 44. Rxa6 Kd7 45. Kf1 Rg3 $1 {[%cal Rg3f3]} 46. Ke2 Rg2 {Hoping for ...Bc5.} 47. Kf1 Rg3 $1 {[%cal Rg3f3]} 48. Ke2 {Precision: White = 32%, Black = 27%.} 1/2-1/2

[Event "32nd Pula Open 2018"]
[Site "Pula"]
[Date "2018.06.25"]
[Round "3"]
[White "Schnider, Gert"]
[Black "Petrovic, Zvonko"]
[Result "1-0"]
[WhiteElo "2422"]
[BlackElo "2186"]
[Annotator "TA"]
[PlyCount "33"]
[EventDate "2018.??.??"]
[EventCountry "CRO"]
[SourceTitle "playchess.com"]
[Source "ChessBase"]
[SourceQuality "1"]

{[%evp 16,33,47,45,306,322,853,850,1055,1043,972,1010,1586,1573,1669,1637,1353,1373,2206,1199]} 1. e4 c5 2. Nf3 {[%cal Bg1f3,Bf3d4,Bd4f5,Bf5d6][%mdl 32]} Nc6 3. Bb5 Qb6 4. Nc3 e6 5. Bxc6 Qxc6 6. d4 {B30: Sicilian: 2...Nc6 3 Bb5, lines without ...g6} cxd4 7. Nxd4 Qc7 8. O-O (8. Ndb5 Qb8 9. Be3 a6 10. Bb6 axb5 11. Nxb5 Bb4+ 12. c3 Ba5 13. Bxa5 Rxa5 {1-0 (27) Kryvoruchko,Y (2703)-Tabatabaei,M (2605) Dubai 2018}) 8... a6 9. Re1 {LiveBook: 49 Games} Bb4 $2 {[%mdl 8192] [#]} ({Black should play} 9... b5 $14) 10. Nf5 $146 ({Predecessor:} 10. Qf3 Bxc3 11. bxc3 d6 12. Qg3 g6 13. Ba3 e5 14. Rad1 f6 15. Nb3 Kf7 16. Bxd6 {1-0 (36) Kaufeld,J (2315)-Valkyser,M (2181) Germany 2013}) 10... Kf8 $2 (10... exf5 11. exf5+ Kf8) 11. Qd4 {White is clearly winning.} Bxc3 12. bxc3 f6 13. Ba3+ Kf7 14. Nd6+ Kg6 15. Re3 {[#] Intending Rg3+ and mate.} h5 16. Rg3+ Kh6 17. Bc1+ 1-0

[Event "32nd Pula Open 2018"]
[Site "Pula"]
[Date "2018.06.25"]
[Round "3"]
[White "Reichmann, Egon"]
[Black "Saric, Ante"]
[Result "0-1"]
[WhiteElo "2265"]
[BlackElo "2543"]
[Annotator "TA"]
[PlyCount "66"]
[EventDate "2018.??.??"]
[EventCountry "CRO"]
[SourceTitle "playchess.com"]
[Source "ChessBase"]
[SourceQuality "1"]

{[%evp 9,66,0,0,0,11,0,0,-10,-8,-29,-6,-12,-7,-12,-6,-17,-6,-18,0,-27,-25,-43,-49,-49,-38,-89,-98,-276,-281,-290,-291,-304,-289,-331,-328,-417,-394,-495,-521,-521,-521,-507,-469,-472,-455,-456,-452,-432,-430,-431,-418,-796,-770,-753,-725,-1375,-1327,-1850,-1766]} 1. d4 e6 2. Nf3 c5 3. Nc3 (3. g3 cxd4 4. Nxd4 Qb6 5. Bg2 Bc5 6. e3 d5 7. Qg4 Bf8 8. O-O Nf6 9. Qe2 e5 10. Qb5+ Bd7 11. Qxb6 axb6 12. Nb3 {0-1 (53) Aronian,L (2805)-Carlsen,M (2837) London 2017}) 3... cxd4 4. Qxd4 Nc6 5. Qa4 Nf6 6. e4 {A43: Schmid Benoni} Bb4 {Threatens to win with ...Nxe4.} 7. Bd2 O-O 8. Bd3 $146 {The position is equal.} ({Predecessor:} 8. a3 Ba5 9. e5 Bxc3 10. Bxc3 Nd5 11. Bd2 Qc7 12. Qe4 {0-1 (36) Rinaudo,S (2144)-Vezzosi,P (2355) Porto San Giorgio 2011}) 8... d6 9. a3 Bc5 10. b4 Bb6 $1 11. O-O Bd7 {next ...Nd4 is good for Black.} 12. Qb3 Rc8 13. Rad1 Qe7 14. Bg5 h6 $36 {[%mdl 2048] White is under pressure.} 15. Bh4 g5 {[%cal Bg7g5,Bg5g4][%mdl 32]} 16. Bg3 Nh5 17. e5 {[#]} (17. b5 $15 Nd4 18. Nxd4 Nxg3 19. hxg3 Bxd4 20. Na4) 17... d5 $1 $17 ({Worse is} 17... Nxg3 18. exd6 Qf6 19. hxg3 $16) 18. Nb5 $2 (18. Na4 $17 {might work better.}) 18... Nxg3 $19 19. hxg3 g4 20. Nh2 Nxe5 21. Be2 Nc4 22. Nd4 e5 {[%cal Be6e5,Be5d4][%mdl 32]} 23. Nxg4 exd4 ({Not} 23... Bxd4 24. c3 $19) 24. Rfe1 Qg5 25. Nh2 Rfe8 26. Nf3 Qf6 27. a4 a6 28. a5 Ba7 29. Bd3 Bg4 30. Kh2 (30. Rxe8+ $142 Rxe8 31. Bxc4 dxc4 32. Qxc4) 30... Rxe1 {Black is clearly winning.} 31. Rxe1 Bxf3 32. gxf3 Nd2 33. Bh7+ Kg7 {Precision: White = 31%, Black = 79%.} 0-1

[Event "32nd Pula Open 2018"]
[Site "Pula"]
[Date "2018.06.25"]
[Round "3"]
[White "Pichler, Michael"]
[Black "Fernandez, Daniel Howard"]
[Result "1-0"]
[WhiteElo "2239"]
[BlackElo "2485"]
[Annotator "TA"]
[PlyCount "121"]
[EventDate "2018.??.??"]
[EventCountry "CRO"]
[SourceTitle "playchess.com"]
[Source "ChessBase"]
[SourceQuality "1"]

{[%evp 15,121,36,38,34,33,35,29,33,33,24,70,63,68,67,60,64,78,56,62,22,14,0,51,55,50,10,14,0,0,0,0,0,28,16,14,0,0,0,0,0,0,0,0,0,0,0,0,0,0,0,0,0,0,0,0,0,29,32,48,48,115,115,114,105,105,0,275,259,297,229,252,258,265,278,271,250,286,286,468,286,469,469,469,469,469,468,469,469,469,469,469,469,469,468,475,475,1435,468,468,468,468,468,468,468,468,468,468,468]} 1. e4 c5 2. c3 Nf6 3. e5 Nd5 4. Nf3 d6 5. Bc4 Nb6 (5... e6 6. d4 Nc6 7. O-O cxd4 8. cxd4 Be7 9. exd6 Qxd6 10. Nc3 Nxc3 11. bxc3 O-O 12. Re1 Qd8 13. Qe2 b6 14. d5 Na5 15. dxe6 Nxc4 16. exf7+ Kh8 17. Qxc4 Bb7 18. Ne5 Bd6 19. Bf4 Rc8 20. Qe6 Qf6 21. Ng6+ Qxg6 22. Qxg6 hxg6 23. Bxd6 Rxf7 {½-½ (86) Jones,G (2660)-Cori Tello,J (2641) Tbilisi 2017}) 6. Bb3 {B22: Sicilian: 2 c3} d5 7. d4 cxd4 8. Nxd4 Nc6 {LiveBook: 4 Games} 9. Qe2 Nxd4 10. cxd4 e6 $146 ({Predecessor:} 10... Bf5 11. Bd2 e6 12. Ba5 Be7 13. Ba4+ Kf8 14. O-O h5 {½-½ (25) Hresc,V (2335)-Gutman,L (2475) Kirchheim 1990}) 11. O-O Bd7 12. Bc2 h5 13. Bd3 Rc8 14. b3 Na8 15. Bb2 Qb6 16. Nd2 Be7 17. f4 g6 18. Nf3 a6 ({Black should try} 18... Nc7 $11) 19. Rfc1 $14 O-O 20. Rxc8 Rxc8 21. Rc1 Rxc1+ 22. Bxc1 Nc7 {[%cal Ba8c7,Bc7e8,Be8g7,Bg7f5,Bf5e7,Be7c6][%mdl 32]} 23. Qc2 {Strongly threatening Bxg6!} Ne8 24. Be3 Ng7 25. g3 Nf5 26. Bf2 Ba3 27. h3 Ne7 28. g4 hxg4 29. hxg4 Qc6 30. Be3 {Hoping for Qh2.} Qxc2 31. Bxc2 Nc6 32. Kf2 Bb2 33. Bb1 b5 34. Ke2 a5 35. Bd2 Bxd4 {[#]} 36. Bxa5 $1 {[%mdl 512]} Bb2 (36... Nxa5 37. Nxd4) 37. Bb6 b4 (37... Bc1 $14) 38. Bc5 $16 Bc1 {[#]} 39. Be3 $1 {[%cal Re3c1]} Bb2 40. Bc5 (40. Kd1 $16) 40... d4 $2 {[%mdl 8192]} (40... Bc1 $11) 41. Kd1 Nb8 42. Nxd4 Na6 43. Bb6 Nc7 44. Bxc7 Bxd4 $18 {[%mdl 4096] Endgame KBB-KBB} 45. Ke2 Bc6 46. Bd6 Bc3 $2 (46... g5 {keeps fighting.} 47. fxg5 Kg7 48. Bxb4 Bxe5) 47. Bd3 Kg7 $2 (47... g5 48. fxg5 Kg7) 48. g5 {White is clearly winning.} Bd5 49. Ke3 Bg2 50. Bc5 Bc6 51. a4 bxa3 52. Bxa3 Be1 53. b4 {[%cal Bb3b4,Bb4b5][%mdl 32]} Bg3 54. b5 Bd5 55. Be4 Bf2+ (55... Bc4 $142 56. b6 Ba6) 56. Kd3 (56. Kf3 $142 Bxe4+ 57. Kxe4) 56... Ba2 57. Bc6 Bb1+ 58. Ke2 Bb6 59. Bc1 Ba2 60. Be3 Bc4+ 61. Kf2 {Precision: White = 73%, Black = 50%.} 1-0

[Event "32nd Pula Open 2018"]
[Site "Pula"]
[Date "2018.06.25"]
[Round "3"]
[White "Karsay, Pascal"]
[Black "Gumularz, Szymon"]
[Result "1/2-1/2"]
[WhiteElo "2227"]
[BlackElo "2452"]
[Annotator "TA"]
[PlyCount "67"]
[EventDate "2018.??.??"]
[EventCountry "CRO"]
[SourceTitle "playchess.com"]
[Source "ChessBase"]
[SourceQuality "1"]

{[%evp 16,67,30,28,37,37,38,52,45,45,56,56,47,52,91,52,49,37,49,22,28,25,52,35,40,36,50,47,40,39,40,46,50,12,13,3,35,39,179,177,165,175,389,0,0,0,0,0,0,0,0,0,0,0]} 1. Nf3 {Levenfisch,G/Primel,D} Nf6 2. g3 g6 3. b3 Bg7 4. Bb2 d6 5. d4 c5 6. Bg2 Nc6 {A49: 1 d4 Nf6 2 Nf3 g6 3 g3: Anti-King's Indian systems} (6... cxd4 7. Nxd4 d5 8. O-O e5 9. Nf3 e4 10. Nd4 O-O 11. c4 dxc4 12. Nd2 c3 13. Bxc3 e3 14. Nc4 exf2+ 15. Rxf2 {½-½ (44) Pantsulaia,L (2585)-Amin,B (2680) Abu Dhabi 2017}) 7. O-O cxd4 8. Nxd4 Bd7 9. c4 {LiveBook: 44 Games} Qc8 10. Nc3 Bh3 11. Nd5 Bxg2 12. Kxg2 Nxd5 13. cxd5 {aiming for Rc1.} Nb4 {[%cal Bc6b4,Bb4a6,Ba6c5][%mdl 32]} 14. e4 O-O $146 ({Predecessor:} 14... Qd7 15. Qd2 Na6 16. b4 O-O 17. a3 {½-½ (50) Verlinsky,B-Levenfish,G Leningrad (Russia) 1933 URS-ch [Levenfisch,G/Primel,D]}) 15. Qd2 Na6 16. Rac1 Qd7 17. Ne2 Bxb2 18. Qxb2 Nc5 19. Qd4 a5 20. Qe3 Rfc8 21. Nd4 $36 {[%mdl 2048] White fights for an advantage.} Na6 22. h4 Rxc1 23. Rxc1 Rc8 24. Rxc8+ Qxc8 25. Qg5 Kf8 26. Nf3 {Black must now prevent Qh6+.} Ke8 {[#]} ({Black should play} 26... f6 $1 $14 27. Qh6+ Kg8) 27. Qh6 $1 $18 {[%cal Rh6h7]} Qc2 28. Qxh7 Qxe4 $2 {[#]} (28... Kd7 29. e5 (29. Qxf7 Qxe4 30. Kh2 Nc7 $16) 29... Qf5) 29. Qg8+ $2 ({Only move:} 29. h5 $1 $18 Nb4 30. Qg8+ Kd7 31. h6 Nxd5 32. h7) 29... Kd7 $11 {The position is equal.} 30. Qxf7 Nb4 31. a3 Nxd5 32. Kh2 Nf6 33. Ng5 Qf5 34. Kg1 {Precision: White = 64%, Black = 42%.} 1/2-1/2